アニメ「アイドルマスターミリオンライブ!」挿入歌 - Statistics

General Stats
  • This quiz has been taken 3 times
  • The average score is 17 of 25
Answer Stats
Hint Answer % Correct
第7話 海風とカスタネット
100%
第11話 ロケットスター☆
100%
第12話 瑠璃色金魚と花菖蒲
100%
OP Rat A Tat!!!
100%
第10話 Gift Sign
100%
第9話 READY!!
100%
第5話 Thank You!(Acoustic ver.)
100%
第11話 トワラー
67%
第12話 フェスタ・イルミネーション
67%
第12話 バトンタッチ
67%
第12話 ハミングバード
67%
第12話 オレンジノキオク
67%
第12話 Brand New Theater!
67%
第10話 G線上のアリア
67%
第12話 REFRAIN REL@TION
67%
第12話 Sentimental Venus
67%
第9話 Snow White
67%
第6話 Star Impression
67%
第1話 ToP!!!!!!!!!!!!!
67%
第9話 Unknown Boxの開き方
67%
第5話 We Have A Dream
67%
第4話 セブンカウント
33%
第9話 追憶のサンドグラス
33%
第11話 Dreaming!
33%
第12話 チョー↑元気Show☆アイドルch@ng!
0%
No matching quizzes found
Score Distribution
Percent of People with Each Score
Percentile by Number Answered
Your Score History
You have not taken this quiz